Pokémon Go: Strongest Pokémon by Region - Kanto - Statistics

General Stats
  • This quiz has been taken 67 times
  • The average score is 27 of 30
Answer Stats
Category Value Pokémon Type % Correct
Total damage output 527.6 Armored Mewtwo Psychic
98%
Defense 210 Mew Psychic
98%
Max CP 4 178 Mewtwo Psychic
98%
Attack 300 Mewtwo Psychic
98%
Damage per second 20.918 Mewtwo Psychic
98%
Total damage output 654.9 Mewtwo Psychic
98%
Defense 236 Articuno Ice / Flying
96%
Max CP 3 527 Zapdos Electric / Flying
96%
Attack 253 Zapdos Electric / Flying
96%
Max CP 3 792 Dragonite Dragon / Flying
94%
Attack 263 Dragonite Dragon / Flying
94%
Damage per second 17.229 Dragonite Dragon / Flying
94%
Total damage output 570.5 Dragonite Dragon / Flying
94%
Attack 261 Gengar Ghost / Poison
94%
Damage per second 18.109 Gengar Ghost / Poison
94%
Max CP 3 465 Moltres Fire / Flying
94%
Damage per second 17.361 Moltres Fire / Flying
94%
Total damage output 524.2 Moltres Fire / Flying
94%
Attack 271 Alakazam Psychic
90%
Damage per second 17.521 Alakazam Psychic
90%
Max HP 269 Snorlax Normal
88%
Total damage output 540.2 Snorlax Normal
88%
Max CP 3 391 Gyarados Water / Flying
84%
Max HP 228 Lapras Water / Ice
82%
Defense 232 Onix Rock / Ground
78%
Max HP 242 Wigglytuff Normal / Fairy
78%
Defense 256 Cloyster Water / Ice
73%
Defense 209 Tentacruel Water / Poison
73%
Max HP 392 Chansey Normal
71%
Max HP 228 Vaporeon Water
55%
No matching quizzes found
Score Distribution
Percent of People with Each Score
Percentile by Number Answered
Your Score History
You have not taken this quiz